| 000 | 00949nam a22003017a 4500 | ||
|---|---|---|---|
| 003 | AR-FvUNAJ | ||
| 005 | 20251205102242.0 | ||
| 008 | 200316b ||||| |||| 00| 0 spa d | ||
| 040 | _cAR-FvUNAJ | ||
| 082 | 1 | 4 |
_214 _a335.4 |
| 100 | 1 |
_93600 _aWeber, Max. |
|
| 245 | 1 | 0 |
_aEconomía y sociedad : _besbozo de sociología comprensiva I/ _cMax Weber |
| 250 | _a2a ed.; 3a reimpr. | ||
| 260 |
_aBogotá : _bFondo de Cultura Económica. _c1977 |
||
| 300 | _aV. 2 | ||
| 440 |
_99218 _aSelección de Obras de Sociología |
||
| 650 | 7 |
_2unescot _9983 _aSOCIOLOGIA ECONOMICA |
|
| 650 | 2 | 7 |
_2unescot _9358 _aADMINISTRACION |
| 650 | 2 | 7 |
_2unescot _9814 _aFEUDALISMO |
| 650 | 2 | 4 |
_98237 _aETNICIDAD |
| 650 | 2 | 7 |
_2unescot _99219 _aCOMUNIDAD RELIGIOSA |
| 650 | 2 | 7 |
_92092 _aDERECHO |
| 650 | 2 | 7 |
_2unescot _98841 _aCAPITAL |
| 650 | 2 | 7 |
_2unescot _94557 _aCOMERCIO |
| 650 | 2 | 7 |
_2unescot _91817 _aECONOMIA POLITICA |
| 650 | 2 | 7 |
_2unescot _91075 _aESTADO |
| 942 |
_2ddc _cLIBRO |
||
| 999 |
_c5369 _d5369 |
||
| 980 |
_81943 _gVALERIA BEATRIZ DOMÍNGUEZ |
||